La teoría de la causa (Record no. 51242)

MARC details
000 -LEADER
campo de control de longitud fija 00721nam a2200181 i 4500
001 - NÚMERO DE CONTROL
campo de control 51242
003 - IDENTIFICADOR DE NÚMERO DE CONTROL
campo de control ES-MaACL
005 - FECHA Y HORA DE LA ÚLTIMA TRANSACCIÓN
campo de control 20230906162325.0
007 - CAMPO FIJO DE DESCRIPCIÓN FÍSICA--INFORMACIÓN GENERAL
campo de control de longitud fija t|
008 - DATOS DE LONGITUD FIJA--INFORMACIÓN GENERAL
campo de control de longitud fija 030811s1929 sp ||||1| spa d
100 1# - ENTRADA PRINCIPAL--NOMBRE DE PERSONA
Nombre de persona Dabin, Jean.
9 (RLIN) 42398
245 13 - MENCIÓN DEL TÍTULO
Título La teoría de la causa
Resto del título : estudio histórico y jurisprudencial /
Mención de responsabilidad, etc. Jean Dabin ; edición castellana con un prólogo escrito expresamente por el autor ; traducción, notas y concordancias con la legislación española y las americanas por Fracisco de Pelsmaeker.
260 ## - PUBLICACIÓN, DISTRIBUCIÓN, ETC.
Lugar de publicación, distribución, etc. Madrid :
Nombre del editor, distribuidor, etc. [s.n.],
Fecha de publicación, distribución, etc. 1929 (
Fabricante Imp. Helénica)
300 ## - DESCRIPCIÓN FÍSICA
Extensión XXX, 390 p. ;
Dimensiones 23 cm.
700 1# - ENTRADA AGREGADA--NOMBRE PERSONAL
Nombre de persona Pelsmaeker e Ivañez, Francisco.
9 (RLIN) 185666
852 ## - LOCALIZACIÓN
Ubicación ES-MaACL
Número de control de estantería A-1421
Holdings
Estatus retirado Estado de pérdida Estado de daño No para préstamo Biblioteca de origen Biblioteca actual Ubicación en estantería Fecha de adquisición Fuente de adquisición Total de préstamos Signatura topográfica completa Código de barras Visto por última vez Precio de reemplazo Tipo de ítem Koha
        Biblioteca del Ateneo de Madrid Biblioteca del Ateneo de Madrid Sala Pecera Planta 1 17/01/2008     A-1421 1053895 23/02/2023 23/02/2023 Libro impreso